Statistics for The Beatles Members

Click here to take the quiz!

General Stats

  • This quiz has been taken 11,635 times
    (11,634 since last reset)
  • The average score is 5 of 6

Answer Stats

YearsInstrumentBand Member% Correct
1960-70Rhythm guitar, vocalsJohn Lennon
99%
1960-70Bass, vocalsPaul McCartney
98%
1962-70DrumsRingo Starr
98%
1960-70Lead guitar, vocalsGeorge Harrison
93%
1960-62DrumsPete Best
59%
1960-61BassStuart Sutcliffe
37%

Score Distribution

Percentile by Number Answered

Percent of People with Each Score

Your Score History

You have not taken this quiz since the last reset